Les mechants "Disney" 😈 - Statistiques

Statistiques générales
  • Ce quiz a Ă©tĂ© pris 162 fois
    114 depuis la derniĂšre actualisation
  • Le rĂ©sultat moyen est 27 sur 41
Statistiques - réponses
Personnages Film disney % Correct
MADAME DE TREMAINE Cendrillon
97%
JAFAR Aladdin
94%
LA REINE DE COEUR Alice au pays des merveilles
94%
MALEFIQUE La belle au bois dormant
94%
URSULA La petite sirene
94%
CRUELLA Les 101 dalmatiens
94%
CAPITAINE CROCHET Peter pan
94%
SCAR Le roi lion
92%
GASTON La belle et la bete
91%
SHERE KHAN Le livre de la jungle
91%
HADES Hercule
90%
SHAN YU Mulan
90%
JOHN RATCLIFF Pocahontas
88%
HANS La reine des neiges
87%
GOTHEL Raiponce
87%
LA REINE DE GRIMHILDE Blanche neige
86%
EDGAR Les aristochats
86%
DOCTEUR FACILIER La princesse et la grenouille
83%
YZMA Kuzco
81%
PRINCE JEAN Robin des bois
81%
ERNESTO DE LA CRUZ Coco
77%
MADAME MIME Merlin l'enchanteur
76%
CLAYTON Tarzan
76%
MADAME MEDUSA Bernard et bianca
69%
LOTSO Toy story
63%
STROMBOLI Pinnochio
60%
SYNDROME Les indestructibles
55%
RATIGAN Basil détective prive
47%
DAWN BELLWETHER Zootopie
46%
ROI MAGNIFICO Wish
45%
SA SUCRERIE Le monde de ralph
42%
ROSCOE ET DESOTO Oliver et compagnie
38%
AMOS SLADE Rox et rouky
38%
CHARLES MUNTZ La haut
37%
L'HOMME AU CHAPEAU MELON Bienvenue chez les robinson
33%
SCROOP La planete au tresor
29%
LE BORGNE 1001 pattes
28%
YOKAI Les nouveaux heros
28%
LEON BOGUE Monstre et compagnie
27%
ALAMEDA SLIM La ferme se rebelle
22%
PERCIVAL MC LEACH Bernard et bianca au pays des kangourous
17%
Aucun quiz correspondant
Distribution des résultats
% des personnes avec chaque résultat
Percentile par nombre de réponses
Votre historique - résultats
Vous n’avez pas pris ce quiz depuis la derniùre actualisation